000 00824nam a2200205Ii 4500
003 JO-AjNU
008 230605s9999||||xx |||||||||||||| ||und||
017 _a2011/7/2737
040 _aJO-AjNU
_bara
_erda
_cJO-AjNU
041 _aara
050 1 4 _aCT1919. J69.N3443 2011
100 3 _aحكمت، نجمية ,
_eauthor
_961136
245 0 0 _a رحلتي مع الزمن: خمسة وستون عاما من حياة إمراة أردنية
264 3 1 _aعمان: وزارة الثقافه، 2011
300 _a193ص
_bمكتبة الاسرة، مهرجان القراءة للجميع/ الاردن-عمان-وزارة الثقافة
336 _atext
_btxt
_2rdacontent
337 _aunmediated
_bn
_2rdamedia
338 _avolume
_bnc
_2rdacarrier
650 4 _aالمرأة-الاردن- اصول اجتماعية
_961137
999 _aA27615
_c31183
_d31183